1-10 Letter U Words Quiz Stats

 Plays Quiz Updated Sep 5, 2015

Score 0/10 Timer 02:00
7 Plays Today
Clue U-Word % Correct
Symbol for radioactive element 92U
100%
State where the Great Salt Lake isUtah
97.6%
A container for making coffee or holding ashesurn
95.8%
One who referees a baseball gameumpire
94.8%
Objective case of the first person plural pronounus
94.1%
The entire celestial cosmosuniverse
93.8%
A 4-stringed instrument popular in Hawaiiukulele
91.8%
A break or gap in tissue, like in the stomach liningulcer
78.3%
Like characters that are capital lettersuppercase
62.6%
Existing everywhere at the same timeubiquitous
33.2%

You're not logged in!

Compare scores with friends on all Sporcle quizzes.
OR
Log In

Sporcle TV

Today on Sporcle TV


Watch our educational content, quiz creation guides, and fun videos on Sporcle TV.

Show Comments

Extras

Top Quizzes Today


Score Distribution

Your Account Isn't Verified!

In order to create a playlist on Sporcle, you need to verify the email address you used during registration. Go to your Sporcle Settings to finish the process.

Report this User

Report this user for behavior that violates our Community Guidelines.

Details: